000 00802nas a2200265 4500
001 BR9803289
003 BR-BrBNA
005 20231205100817.0
007 ta
008 230509b bl.|||p| |||| 00| 00por d
040 _aBR-BrBNA
_bpor
_cBiblioteca Nacional de Agricultura
041 _a(Pt)
072 _aP33
100 1 _aVieira, S.R.
245 1 _aVariabilidade espacial de argila, silte e atributos quimicos em uma parcela experimental de um latossolo roxo de Campinas (SP)
650 _aSolo
650 _aCalagem
650 _aPh
650 _aLatossolo Roxo
650 _aCapacidade de Troca
650 _aSao Paulo
773 0 _tBragantia (Brazil)
_xISSN 0006-8705
_g(1997), v. 56(tomo 1) p. 181-190
_wBR9803289
909 _a202311
_bLúcia
_c55
_dLúcia Elande
942 _2AGRIS
_n0
_cANA
999 _c158223
_d158223